[Event "USA-ch Qualifier"]
[Site "Tulsa"]
[Date "2008.03.30"]
[Round "6"]
[White "Kobernat, Alan"]
[Black "Akopian, Robert"]
[Result "1/2-1/2"]
[WhiteElo "2079"]
[BlackElo "2134"]
[PlyCount "57"]
[EventDate "2008.03.28"]
[EventType "swiss"]
[EventRounds "7"]
[EventCountry "USA"]
[SourceTitle "CBM 123 Extra"]
[Source "ChessBase"]
[SourceDate "2008.05.06"]
[SourceVersion "1"]
[SourceVersionDate "2008.05.06"]
[SourceQuality "1"]

1. e4 d6 2. d4 Nf6 3. Nc3 g6 4. Nge2 Bg7 5. g3 0-0 6. Bg2 e5 7. 0-0 Nc6 8. h3 exd4 9. Nxd4 Nxe4 10. Nxc6 Nxc3 11. Nxd8 Nxd1 12. Nxb7 Nxb2 13. Rb1 Bxb7 14. Bxb7 Rab8 15. Bxb2 Rxb7 16. Bxg7 Rxb1 17. Rxb1 Kxg7 18. Rb7 Ra8 19. Rxc7 Kf6 20. Kf1 h5 21. Ke2 a5 22. a4 Ke6 23. Rb7 Rc8 24. Kd3 Rc5 25. c4 Rf5 26. Ke3 Re5+ 27. Kd3 Rf5 28. Ke3 Re5+ 29. Kd3 1/2-1/2

[Event "US Open-108"]
[Site "Cherry Hill"]
[Date "2007.08.02"]
[Round "6"]
[White "Kobernat, Alan"]
[Black "Haskel, Jeffrey"]
[Result "0-1"]
[WhiteElo "2082"]
[BlackElo "2154"]
[PlyCount "40"]
[EventDate "2007.07.28"]
[EventType "swiss"]
[EventRounds "9"]
[EventCountry "USA"]
[SourceTitle "CBM 119 Extra"]
[Source "ChessBase"]
[SourceDate "2007.09.04"]
[SourceVersion "1"]
[SourceVersionDate "2007.09.04"]
[SourceQuality "1"]

1. e4 e6 2. d4 d5 3. e5 c5 4. c3 Qb6 5. Nf3 Bd7 6. Be2 Bb5 7. c4 Bxc4 8. Bxc4 Qb4+ 9. Nbd2 dxc4 10. 0-0 Nc6 11. a3 Qb5 12. Qe2 cxd4 13. Nxc4 Qd5 14. Rd1 Rd8 15. Qd3 b5 16. Nd6+ Bxd6 17. exd6 Rxd6 18. Bf4 Rd7 19. Rac1 Nge7 20. Ng5 e5 0-1

[Event "US Masters op"]
[Site "Hendersonville"]
[Date "2007.03.15"]
[Round "4"]
[White "Harris, Neal D"]
[Black "Kobernat, Alan"]
[Result "1-0"]
[WhiteElo "2215"]
[BlackElo "2017"]
[PlyCount "83"]
[EventDate "2007.03.10"]
[EventType "swiss"]
[EventRounds "9"]
[EventCountry "USA"]
[SourceTitle "EXT 2011"]
[Source "ChessBase"]
[SourceDate "2010.11.26"]
[SourceVersion "1"]
[SourceVersionDate "2010.11.26"]
[SourceQuality "1"]

1. e4 e5 2. Nf3 Nc6 3. d4 exd4 4. Bb5 Bc5 5. 0-0 Nge7 6. Ng5 d5 7. b4 Bb6 8. Qh5 g6 9. Qh6 Ng8 10. Qh4 h6 11. exd5 Qxd5 12. Re1+ Kf8 13. Bxc6 bxc6 14. Ne4 Bf5 15. Nf6 Qd8 16. Re8+ Qxe8 17. Nxe8 Rxe8 18. Bd2 g5 19. Qh5 Bxc2 20. Na3 Bg6 21. Qf3 Be4 22. Qb3 Bd5 23. Qd3 Nf6 24. Nc4 Be4 25. Qa3 Kg7 26. Qb2 Rd8 27. a4 a6 28. f3 Bd3 29. Nxb6 cxb6 30. Re1 Rd7 31. Qc1 Rc8 32. h4 c5 33. hxg5 hxg5 34. Bxg5 Nh7 35. Qf4 f6 36. Bh6+ Kh8 37. bxc5 bxc5 38. Qg4 Rcd8 39. Re8+ Rxe8 40. Qxd7 Rg8 41. Qd5 Rc8 42. Bg7+ 1-0

[Event "USA-ch15 prel 05 corr"]
[Site "USA"]
[Date "2000.06.20"]
[Round "?"]
[White "Kobernat, Alan"]
[Black "Biedermann, Thomas"]
[Result "1/2-1/2"]
[WhiteElo "2308"]
[BlackElo "2214"]
[PlyCount "36"]
[EventDate "2000.06.20"]
[EventType "tourn (corr)"]
[EventRounds "12"]
[EventCountry "USA"]
[SourceTitle "Corr 2006"]
[Source "ChessBase"]
[SourceDate "2006.04.01"]
[SourceVersion "3"]
[SourceVersionDate "2006.04.01"]
[SourceQuality "1"]

1. e4 d5 2. exd5 Nf6 3. Nf3 Nxd5 4. d4 g6 5. c4 Nb6 6. Be2 Bg7 7. 0-0 c5 8. dxc5 Qxd1 9. Rxd1 Na4 10. Nd4 Bd7 11. b3 Nc6 12. Be3 Nxd4 13. Bxd4 Bxd4 14. Rxd4 Nxc5 15. Nc3 0-0-0 16. Rad1 Bc6 17. Nd5 Rd7 18. b4 Na4 1/2-1/2

[Event "USA-ch15 prel 05 corr"]
[Site "USA"]
[Date "2000.06.20"]
[Round "?"]
[White "Kobernat, Alan"]
[Black "Lage, Alexander"]
[Result "1/2-1/2"]
[WhiteElo "2308"]
[BlackElo "2283"]
[PlyCount "61"]
[EventDate "2000.06.20"]
[EventType "tourn (corr)"]
[EventRounds "12"]
[EventCountry "USA"]
[SourceTitle "Corr 2006"]
[Source "ChessBase"]
[SourceDate "2006.04.01"]
[SourceVersion "3"]
[SourceVersionDate "2006.04.01"]
[SourceQuality "1"]

1. e4 c6 2. d4 d5 3. exd5 cxd5 4. c4 Nf6 5. Nc3 e6 6. Nf3 Bb4 7. cxd5 Nxd5 8. Bd2 Nc6 9. Bd3 0-0 10. 0-0 Be7 11. Qe2 Nf6 12. Ne4 Qb6 13. Bg5 Nd5 14. Bxe7 Ncxe7 15. g3 Ng6 16. Rac1 Bd7 17. Ne5 Rfd8 18. Rfd1 Be8 19. Nc4 Qc7 20. Ne3 Qe7 21. Nxd5 Rxd5 22. Bc4 Rdd8 23. d5 exd5 24. Bxd5 Rac8 25. Rxc8 Rxc8 26. f4 Bc6 27. Qg4 Rc7 28. Bxc6 Rxc6 29. f5 h5 30. Qxh5 Qxe4 31. fxg6 1/2-1/2

[Event "Berkeley Peoples op"]
[Site "Berkeley"]
[Date "1999.??.??"]
[Round "?"]
[White "Kobernat, Alan"]
[Black "Yamamoto, Craig"]
[Result "1-0"]
[WhiteElo "2105"]
[BlackElo "1610"]
[PlyCount "89"]
[EventDate "1999.??.??"]
[EventType "swiss"]
[EventRounds "6"]
[EventCountry "USA"]
[SourceTitle "EXT 2007"]
[Source "ChessBase"]
[SourceDate "2006.11.23"]
[SourceVersion "1"]
[SourceVersionDate "2006.11.23"]
[SourceQuality "1"]

1. e4 c5 2. c3 d5 3. exd5 Qxd5 4. d4 cxd4 5. cxd4 Nc6 6. Nf3 Bg4 7. Nc3 Bxf3 8. gxf3 Qxd4 9. Qxd4 Nxd4 10. Nb5 0-0-0 11. Nxd4 Rxd4 12. Be3 Rd6 13. Bf4 Re6+ 14. Kd2 Rb6 15. Rc1+ Kd7 16. Rc7+ Kd8 17. Rc2 e5 18. Bxe5 Bb4+ 19. Kc1 Nf6 20. Bc7+ Ke7 21. Bxb6 axb6 22. Rc7+ Kd6 23. Rxf7 Rc8+ 24. Kb1 Rc7 25. Rxc7 Kxc7 26. Bc4 Bc5 27. Rf1 g5 28. a3 Kc6 29. b4 Bd4 30. Kc2 Be5 31. Re1 Bd6 32. Re6 Nd7 33. Rh6 Ne5 34. Be2 Ng6 35. Rxh7 Nh4 36. h3 Nf5 37. Kd3 Bf4 38. b5+ Kc5 39. Rxb7 Nd6 40. Rc7+ Kd5 41. Rc6 Nxb5 42. Rxb6 Kc5 43. Rxb5+ Kxb5 44. h4 gxh4 45. Ke4+ 1-0

[Event "USA-ch13 prel 01 corr"]
[Site "USA"]
[Date "1996.06.24"]
[Round "?"]
[White "Deatherage, Paul E"]
[Black "Kobernat, Alan"]
[Result "0-1"]
[WhiteElo "2210"]
[BlackElo "2196"]
[PlyCount "60"]
[EventDate "1996.??.??"]
[EventType "tourn (corr)"]
[EventRounds "9"]
[EventCountry "USA"]
[SourceTitle "Corr 2006"]
[Source "ChessBase"]
[SourceDate "2006.04.01"]
[SourceVersion "3"]
[SourceVersionDate "2006.04.01"]
[SourceQuality "1"]

1. d4 f5 2. c4 Nf6 3. g3 g6 4. Bg2 Bg7 5. Nf3 d6 6. 0-0 0-0 7. Nc3 Qe8 8. b3 e5 9. dxe5 dxe5 10. e4 Nc6 11. Nd5 Nxd5 12. cxd5 fxe4 13. Ng5 Nd4 14. Nxe4 Qb5 15. d6 cxd6 16. Nxd6 Qa6 17. Bd5+ Kh8 18. Nxc8 Raxc8 19. Be4 Rfd8 20. Qg4 Nxb3 21. Bxb7 Qxb7 22. axb3 Rf8 23. Be3 a6 24. Qa4 Rc3 25. Qxa6 Qxb3 26. Rab1 Qd5 27. Rfd1 Qf3 28. Qb6 Qf5 29. Bc5 Re8 30. Ra1 Qc8 0-1

[Event "USA-ch13 prel 01 corr"]
[Site "USA"]
[Date "1996.06.24"]
[Round "?"]
[White "Flowers, Brian"]
[Black "Kobernat, Alan"]
[Result "1/2-1/2"]
[WhiteElo "2004"]
[BlackElo "2196"]
[PlyCount "120"]
[EventDate "1996.??.??"]
[EventType "tourn (corr)"]
[EventRounds "9"]
[EventCountry "USA"]
[SourceTitle "Corr 2006"]
[Source "ChessBase"]
[SourceDate "2006.04.01"]
[SourceVersion "3"]
[SourceVersionDate "2006.04.01"]
[SourceQuality "1"]

1. Nf3 f5 2. g3 Nf6 3. Bg2 g6 4. d3 Bg7 5. 0-0 d6 6. Nbd2 0-0 7. e4 Nc6 8. c3 fxe4 9. dxe4 e5 10. Qb3+ Kh8 11. Re1 Nd7 12. Qc2 Nb6 13. h3 Qf6 14. Kh2 Bh6 15. Nf1 Bxc1 16. Raxc1 Be6 17. Ne3 Rf7 18. Re2 Raf8 19. Rd1 Qd8 20. Ne1 Qg5 21. Nd5 Qh6 22. Qd2 Qxd2 23. Rdxd2 Nc4 24. Rc2 Nd8 25. b3 Na3 26. Rcd2 Kg7 27. Nd3 Nb5 28. a4 Bxd5 29. exd5 Nxc3 30. Re3 c6 31. dxc6 bxc6 32. Nxe5 dxe5 33. Rxc3 Rxf2 34. Rxf2 Rxf2 35. Rd3 Ne6 36. Kg1 Rb2 37. Rd7+ Kh6 38. Rxa7 Rxb3 39. Re7 Nd4 40. Rxe5 Rxg3 41. Rc5 Ra3 42. Rc4 Nf5 43. Rxc6 Rxa4 44. Rc2 Kg5 45. Kh2 Ra3 46. Rf2 h5 47. Be4 Re3 48. Bc6 Nd4 49. h4+ Kg4 50. Bd7+ Nf5 51. Rg2+ Kxh4 52. Rxg6 Nd4 53. Bc6 Ne6 54. Rg2 Nf4 55. Ra2 Rh3+ 56. Kg1 Rc3 57. Bd7 Kg3 58. Ra1 Nd3 59. Bb5 Nf2 60. Bf1 Ng4 1/2-1/2

[Event "USA-ch13 prel 01 corr"]
[Site "USA"]
[Date "1996.06.24"]
[Round "?"]
[White "Kobernat, Alan"]
[Black "Toth, Imre G"]
[Result "1-0"]
[WhiteElo "2196"]
[BlackElo "2395"]
[PlyCount "47"]
[EventDate "1996.??.??"]
[EventType "tourn (corr)"]
[EventRounds "9"]
[EventCountry "USA"]
[SourceTitle "Corr 2006"]
[Source "ChessBase"]
[SourceDate "2006.04.01"]
[SourceVersion "3"]
[SourceVersionDate "2006.04.01"]
[SourceQuality "1"]

1. e4 c6 2. d4 d5 3. Nc3 dxe4 4. Nxe4 Nd7 5. Ng5 Ngf6 6. Bd3 e6 7. N1f3 Bd6 8. Qe2 Qc7 9. Nxf7 0-0 10. Nxd6 Qxd6 11. 0-0 Ng4 12. Bxh7+ Kh8 13. h3 Rxf3 14. hxg4 Rf8 15. Qd3 Nf6 16. Bg6 e5 17. Qh3+ Kg8 18. Qh2 Qxd4 19. g5 Bg4 20. gxf6 Rxf6 21. Qh7+ Kf8 22. Qh8+ Ke7 23. Qxg7+ Ke6 24. Bg5 1-0

[Event "US Open-88"]
[Site "Portland"]
[Date "1987.08.09"]
[Round "7"]
[White "Frenkel, Vera"]
[Black "Kobernat, Alan"]
[Result "1/2-1/2"]
[WhiteElo "2104"]
[BlackElo "2227"]
[PlyCount "32"]
[EventDate "1987.08.02"]
[EventType "swiss"]
[EventRounds "12"]
[EventCountry "USA"]
[SourceTitle "EXT 1997"]
[Source "ChessBase"]
[SourceDate "1996.11.15"]
[SourceVersion "1"]
[SourceVersionDate "1996.11.15"]
[SourceQuality "1"]

1. e4 e5 2. Nf3 Nc6 3. Bc4 Nf6 4. d3 h6 5. h3 d6 6. Be3 g6 7. Nc3 Bg7 8. Qd2 Be6 9. Bb3 d5 10. exd5 Nxd5 11. Nxd5 Bxd5 12. Bxd5 Qxd5 13. Qc3 0-0-0 14. Qb3 Rhe8 15. Qxd5 Rxd5 16. 0-0-0 e4 1/2-1/2

[Event "US Open-88"]
[Site "Portland"]
[Date "1987.08.06"]
[Round "5"]
[White "Silman, Jeremy D"]
[Black "Kobernat, Alan"]
[Result "1-0"]
[WhiteElo "2494"]
[BlackElo "2227"]
[PlyCount "41"]
[EventDate "1987.08.02"]
[EventType "swiss"]
[EventRounds "12"]
[EventCountry "USA"]
[SourceTitle "EXT 1997"]
[Source "ChessBase"]
[SourceDate "1996.11.15"]
[SourceVersion "1"]
[SourceVersionDate "1996.11.15"]
[SourceQuality "1"]

1. d4 f5 2. Nf3 g6 3. g3 Bg7 4. Bg2 Nf6 5. 0-0 0-0 6. b3 d6 7. Bb2 c6 8. Nbd2 Na6 9. Ne1 Nc7 10. Nd3 Qe8 11. a4 a5 12. e3 Be6 13. Qe2 g5 14. c4 Qg6 15. Rae1 Kh8 16. e4 Nh5 17. d5 cxd5 18. Bxg7+ Nxg7 19. exd5 Bc8 20. f4 e5 21. fxe5 1-0